<?xml version="1.0" encoding="UTF-8"?><?xml-stylesheet type="text/xsl" href="static/style.xsl"?><OAI-PMH xmlns="http://www.openarchives.org/OAI/2.0/" xmlns:xsi="http://www.w3.org/2001/XMLSchema-instance" xsi:schemaLocation="http://www.openarchives.org/OAI/2.0/ http://www.openarchives.org/OAI/2.0/OAI-PMH.xsd"><responseDate>2026-04-28T19:30:49Z</responseDate><request verb="GetRecord" identifier="oai:uvadoc.uva.es:10324/8385" metadataPrefix="marc">https://uvadoc.uva.es/oai/request</request><GetRecord><record><header><identifier>oai:uvadoc.uva.es:10324/8385</identifier><datestamp>2024-08-19T11:14:26Z</datestamp><setSpec>com_10324_38</setSpec><setSpec>col_10324_852</setSpec></header><metadata><record xmlns="http://www.loc.gov/MARC21/slim" xmlns:doc="http://www.lyncode.com/xoai" xmlns:xsi="http://www.w3.org/2001/XMLSchema-instance" xmlns:dcterms="http://purl.org/dc/terms/" xsi:schemaLocation="http://www.loc.gov/MARC21/slim http://www.loc.gov/standards/marcxml/schema/MARC21slim.xsd">
<leader>00925njm 22002777a 4500</leader>
<datafield tag="042" ind1=" " ind2=" ">
<subfield code="a">dc</subfield>
</datafield>
<datafield tag="720" ind1=" " ind2=" ">
<subfield code="a">Pedro Asenjo, Marta de</subfield>
<subfield code="e">author</subfield>
</datafield>
<datafield tag="260" ind1=" " ind2=" ">
<subfield code="c">2014</subfield>
</datafield>
<datafield tag="520" ind1=" " ind2=" ">
<subfield code="a">En el presente Trabajo de Fin de Grado pretendo diseñar una propuesta educativa que tendrá lugar en la naturaleza. En la misma estarán presentes contenidos de todas las áreas que establece el currículo de Educación Primaria de la Comunidad Autónoma de Castilla y León, que se trabajarán en relación con la naturaleza, y en base a una metodología de trabajo por proyectos. Está dirigido a alumnos del primer ciclo de Educación Primaria de una escuela situada en el ámbito rural, en el municipio de Duruelo de la Sierra (Soria). Para llegar a diseñar el proyecto, parto de un análisis del marco teórico y los antecedentes de la metodología que planteo: el trabajo por proyectos en la naturaleza.</subfield>
</datafield>
<datafield tag="024" ind2=" " ind1="8">
<subfield code="a">http://uvadoc.uva.es/handle/10324/8385</subfield>
</datafield>
<datafield ind1=" " ind2=" " tag="653">
<subfield code="a">Didáctica de la naturaleza</subfield>
</datafield>
<datafield ind1=" " ind2=" " tag="653">
<subfield code="a">Educación primaria</subfield>
</datafield>
<datafield tag="245" ind1="0" ind2="0">
<subfield code="a">Proyecto interdisciplinar: la naturaleza que nos rodea</subfield>
</datafield>
</record></metadata></record></GetRecord></OAI-PMH>